01017nam a2200277 a 4500008004100000020002900041040001500070245013200085260004600217300006200263336002600325337002800351338002700379440005500406500002000461504004100481650003000522650002600552650004200578650002800620650001700648650002800665700002800693003000100721005001700722  a9780081003725 (hardback) aNUSTcNUST10aScience and principles of biodegradable and bioresorbable medical polymers :bmaterials and properties/cedited by Xiang Zhang. aAmsterdam :bWoodhead Publishing, c2017. axviii, 458 pages :billustrations (some colour) ;c24 cm. atextbtxt2rdacontent aunmediatedbn2rdamedia avolumebnc2rdacarrier aWoodhead Publishing Series in Biomaterials No.117. aIncludes index. aIncludes bibliographical references. aPolymersxBiodegradation. aPolymers in medicine. aPolymers in medicinexBiodegradation. aBiodegradable plastics. aBiopolymers. aBiodegradable products. aZhang, Xiang.,aeditor.20230123141223.0